[Event "Cheliabinsk Lozovatsky Memorial-A"]
[Site "Cheliabinsk"]
[Date "2021.01.17"]
[Round "4"]
[White "Solozhenkin, Evgeniy"]
[Black "Yumakhuzhin, Vadim"]
[Result "1-0"]
[WhiteElo "2386"]
[BlackElo "2234"]
[PlyCount "105"]
[EventDate "2021.01.15"]
[EventType "swiss"]
[EventRounds "10"]
[EventCountry "RUS"]
[SourceTitle "CBM 200 Extra"]
[Source "ChessBase"]
[SourceDate "2021.03.31"]
[SourceVersion "1"]
[SourceVersionDate "2021.03.31"]
[SourceQuality "1"]

1. d4 d5 2. Nf3 Nf6 3. c4 c6 4. Qb3 g6 5. Nc3 Bg7 6. cxd5 cxd5 7. Bg5 e6 8. e3 0-0 9. Bd3 Nc6 10. 0-0 a6 11. Ne5 Na5 12. Qd1 Qe8 13. b4 Nc6 14. Nxc6 Qxc6 15. Rc1 Qd6 16. Qb3 Bd7 17. Bf4 Qe7 18. h3 Rfc8 19. Rc2 Bf8 20. Rb1 Bc6 21. a4 Qd8 22. b5 axb5 23. Bxb5 Qa5 24. Rbc1 Bxb5 25. Qxb5 Rc4 26. Be5 Ne8 27. Qxb7 Ba3 28. Rb1 Rac8 29. Rb5 Qd8 30. Rb3 Bd6 31. Qa7 Ra8 32. Qb7 Rb8 33. Qxb8 Bxb8 34. Rxb8 Rc8 35. Rcb2 f6 36. Bg3 Kg7 37. R2b7+ Kh6 38. Nb5 Rxb8 39. Rxb8 Qd7 40. a5 Qc6 41. Rb6 Qc1+ 42. Kh2 Qa1 43. a6 Qa5 44. a7 Qxb6 45. a8Q Qxb5 46. Qc8 g5 47. Qxe6 Kg6 48. Qg8+ Ng7 49. Bd6 Qb7 50. Bf8 Qf7 51. Qxg7+ Qxg7 52. Bxg7 Kxg7 53. g4 1-0

[Event "Konyaalti op"]
[Site "Konyaalti"]
[Date "2019.11.19"]
[Round "5"]
[White "Suzan, Ufuk"]
[Black "Solozhenkin, Evgeniy"]
[Result "0-1"]
[WhiteElo "1823"]
[BlackElo "2387"]
[PlyCount "74"]
[EventDate "2019.11.17"]
[EventType "swiss"]
[EventRounds "9"]
[EventCountry "TUR"]
[SourceTitle "CBM 193 Extra"]
[Source "ChessBase"]
[SourceDate "2020.01.31"]
[SourceVersion "1"]
[SourceVersionDate "2020.01.31"]
[SourceQuality "1"]

1. e4 c5 2. Nf3 d6 3. d3 Nc6 4. g3 Nf6 5. Bg2 g6 6. 0-0 Bg7 7. Nc3 0-0 8. Bg5 h6 9. Bd2 Rb8 10. Ne1 b5 11. f4 Bg4 12. Bf3 Bd7 13. Ne2 b4 14. c3 bxc3 15. Bxc3 Qb6 16. Kh1 Nd4 17. Bg2 Ng4 18. Qd2 Nxe2 19. Qxe2 Bxc3 20. bxc3 Qb2 21. Nc2 Qxc3 22. f5 Ne5 23. Ne3 Rb2 24. Nd1 Rxe2 25. Nxc3 Rd2 26. Nd5 Re8 27. fxg6 fxg6 28. Nc7 Rb8 29. Nd5 Rbb2 30. Ne3 Bh3 31. Bxh3 Rxh2+ 32. Kg1 Rxh3 33. Ng2 Rxg3 34. Rf2 Rxf2 35. Kxf2 Rxd3 36. Ne3 Ra3 37. Nd5 Nc6 0-1

[Event "Konyaalti op"]
[Site "Konyaalti"]
[Date "2019.11.18"]
[Round "3"]
[White "Haznedaroglu, Kivanc"]
[Black "Solozhenkin, Evgeniy"]
[Result "1-0"]
[WhiteElo "2461"]
[BlackElo "2387"]
[PlyCount "197"]
[EventDate "2019.11.17"]
[EventType "swiss"]
[EventRounds "9"]
[EventCountry "TUR"]
[SourceTitle "CBM 193 Extra"]
[Source "ChessBase"]
[SourceDate "2020.01.31"]
[SourceVersion "1"]
[SourceVersionDate "2020.01.31"]
[SourceQuality "1"]

1. c4 e6 2. Nf3 d5 3. g3 Nf6 4. Bg2 Be7 5. 0-0 0-0 6. d4 dxc4 7. Ne5 Nc6 8. Nxc6 bxc6 9. Na3 Bxa3 10. bxa3 Nd5 11. Qa4 Nb6 12. Qa5 Bd7 13. a4 Qe7 14. Qc3 Rfb8 15. a5 Nd5 16. Qxc4 Rb4 17. Qc2 Rb5 18. a4 Rxa5 19. Ba3 Qe8 20. Bc5 Nb6 21. f4 Rb8 22. Rfb1 h6 23. Qb3 Bc8 24. Qb4 Ra6 25. a5 Nd7 26. Qxb8 Nxb8 27. Rxb8 Qd7 28. Be4 f5 29. Bd3 Kh7 30. e3 g5 31. Kf2 g4 32. Bc4 h5 33. Ke2 Kg6 34. Kd2 Kf6 35. Kc3 Kg6 36. Ra2 Kg7 37. Kb4 Rb6+ 38. axb6 cxb6 39. Kc3 bxc5 40. dxc5 Kg6 41. Ra8 a6 42. Rb2 Qg7+ 43. Kc2 Qf8 44. Kd3 Qd8+ 45. Ke2 Qf6 46. Rb3 Bd7 47. Ra7 Be8 48. Rxa6 Qe7 49. Rd3 Qxc5 50. Bxe6 Qc2+ 51. Rd2 Qe4 52. Bd5 Qb4 53. Rc2 Qb1 54. Kd2 Qb4+ 55. Kc1 Qe1+ 56. Kb2 Qb4+ 57. Ka2 Kg7 58. Bb3 Qe7 59. Rc3 h4 60. Ra5 hxg3 61. hxg3 Kf6 62. Re5 Qa7+ 63. Kb2 Bd7 64. Rd3 Qc7 65. Rd4 c5 66. Rc4 Qb7 67. e4 fxe4 68. Rcxc5 Qb4 69. Rc3 Ba4 70. Re6+ Kf5 71. Re5+ Kf6 72. Rd5 Bxb3 73. Rxb3 Qc4 74. Re5 Qe2+ 75. Ka3 Qa6+ 76. Kb4 Qc6 77. Rc3 Qb6+ 78. Kc4 Qc6+ 79. Kd4 Qa4+ 80. Ke3 Qb4 81. Rec5 Qb1 82. Kd4 Qd1+ 83. Kxe4 Qe2+ 84. Kd4 Qd2+ 85. Kc4 Qe2+ 86. Kb4 Qe4+ 87. Kb3 Qb1+ 88. Ka3 Qa1+ 89. Kb4 Qb2+ 90. Rb3 Qd4+ 91. Kb5 Qd7+ 92. Rc6+ Kf5 93. Rbc3 Ke4 94. Kb4 Qb7+ 95. Ka3 Qb1 96. Re6+ Kd4 97. Ree3 Qa1+ 98. Kb4 Qb2+ 99. Rb3 1-0

[Event "Cheliabinsk Panchenko Memorial op"]
[Site "Cheliabinsk"]
[Date "2019.09.15"]
[Round "7"]
[White "Solozhenkin, Evgeniy"]
[Black "Korneev, Oleg"]
[Result "1/2-1/2"]
[WhiteElo "2394"]
[BlackElo "2511"]
[PlyCount "74"]
[EventDate "2019.09.09"]
[EventType "swiss"]
[EventRounds "9"]
[EventCountry "RUS"]
[SourceTitle "EXT 2020"]
[Source "ChessBase"]
[SourceDate "2019.10.17"]
[SourceVersion "1"]
[SourceVersionDate "2019.10.17"]
[SourceQuality "1"]

1. d4 Nf6 2. c4 e6 3. Nf3 d5 4. Nc3 c6 5. e3 Nbd7 6. Qc2 b6 7. Be2 Bb7 8. 0-0 Be7 9. b3 0-0 10. Bb2 Rc8 11. e4 c5 12. exd5 exd5 13. Nxd5 Nxd5 14. cxd5 cxd4 15. Qd2 Nf6 16. Nxd4 Nxd5 17. Rac1 Rxc1 18. Qxc1 Bg5 19. Qc4 Qd7 20. Bf3 Bf6 21. Rd1 Rc8 22. Qf1 h6 23. g3 Ba8 24. Ba1 Rd8 25. Qg2 Qe8 26. h3 Ne3 27. fxe3 Qxe3+ 28. Qf2 Qxf3 29. Nxf3 Rxd1+ 30. Kh2 Rxa1 31. Qe2 Bd5 32. g4 Bxf3 33. Qxf3 Rxa2+ 34. Kh1 Ra1+ 35. Kg2 Ra2+ 36. Kh1 Ra1+ 37. Kg2 Ra2+ 1/2-1/2

[Event "Cheliabinsk Panchenko Memorial op"]
[Site "Cheliabinsk"]
[Date "2019.09.10"]
[Round "2"]
[White "Solozhenkin, Evgeniy"]
[Black "Saunina, Ludmila"]
[Result "1/2-1/2"]
[WhiteElo "2394"]
[BlackElo "2143"]
[PlyCount "84"]
[EventDate "2019.09.09"]
[EventType "swiss"]
[EventRounds "9"]
[EventCountry "RUS"]
[SourceTitle "EXT 2020"]
[Source "ChessBase"]
[SourceDate "2019.10.17"]
[SourceVersion "1"]
[SourceVersionDate "2019.10.17"]
[SourceQuality "1"]

1. d4 Nf6 2. c4 e6 3. Nf3 b6 4. g3 Bb7 5. Bg2 Be7 6. 0-0 0-0 7. Nc3 Ne4 8. Bd2 Bf6 9. Rc1 c5 10. d5 exd5 11. cxd5 Nxd2 12. Nxd2 d6 13. Nde4 Be7 14. f4 a6 15. g4 Nd7 16. g5 b5 17. Ng3 g6 18. b3 b4 19. Nce4 a5 20. h4 h6 21. e3 f5 22. Nd2 hxg5 23. hxg5 Ba6 24. Rf2 Bxg5 25. fxg5 Qxg5 26. Ngf1 Rae8 27. Rf3 Ne5 28. Rg3 Qf6 29. Nc4 Bxc4 30. bxc4 Kg7 31. Nh2 f4 32. exf4 Qxf4 33. Rh3 Nxc4 34. Rf3 Qh4 35. Rxf8 Rxf8 36. Qe2 Ne5 37. Rd1 c4 38. Nf3 Nxf3+ 39. Bxf3 c3 40. Bg2 Rf7 41. Qc2 Qg3 42. Qe2 Qf4 1/2-1/2

[Event "Pontevedra op 7th"]
[Site "Pontevedra"]
[Date "2019.08.13"]
[Round "8"]
[White "Laiz Ibanez, Hector"]
[Black "Solozhenkin, Evgeniy"]
[Result "1-0"]
[WhiteElo "2274"]
[BlackElo "2423"]
[PlyCount "72"]
[EventDate "2019.08.08"]
[EventType "swiss"]
[EventRounds "9"]
[EventCountry "ESP"]
[SourceTitle "EXT 2020"]
[Source "ChessBase"]
[SourceDate "2019.10.17"]
[SourceVersion "1"]
[SourceVersionDate "2019.10.17"]
[SourceQuality "1"]

1. e4 e5 2. Nf3 Nc6 3. Bb5 a6 4. Ba4 Nf6 5. 0-0 Be7 6. Re1 b5 7. Bb3 d6 8. c3 0-0 9. h3 Re8 10. d4 Bb7 11. Nbd2 Bf8 12. a3 h6 13. Bc2 Nb8 14. b4 Nbd7 15. Bb2 g6 16. Re3 Bg7 17. d5 c6 18. c4 Qe7 19. Nb3 Nb6 20. dxc6 Bxc6 21. cxb5 Bxb5 22. Na5 Rec8 23. a4 Be8 24. Bb3 Kh7 25. Ba3 Rd8 26. Ra2 d5 27. b5 Qc7 28. Rc2 Nc4 29. Nxc4 dxc4 30. Qc1 axb5 31. axb5 Bxb5 32. Bxc4 Ba4 33. Bb3 Qb8 34. Rce2 Rc8 35. Qb1 Qc7 36. Bxa4 Qc1+ 1-0

[Event "Pontevedra op 7th"]
[Site "Pontevedra"]
[Date "2019.08.10"]
[Round "3"]
[White "Solozhenkin, Evgeniy"]
[Black "Prieto Aranguren, Alain"]
[Result "1/2-1/2"]
[WhiteElo "2423"]
[BlackElo "2280"]
[PlyCount "63"]
[EventDate "2019.08.08"]
[EventType "swiss"]
[EventRounds "9"]
[EventCountry "ESP"]
[SourceTitle "EXT 2020"]
[Source "ChessBase"]
[SourceDate "2019.10.17"]
[SourceVersion "1"]
[SourceVersionDate "2019.10.17"]
[SourceQuality "1"]

1. d4 Nf6 2. c4 g6 3. g3 Bg7 4. Bg2 0-0 5. Nc3 d6 6. Nf3 Nbd7 7. 0-0 e5 8. e4 c6 9. Be3 Ng4 10. Bg5 f6 11. Bd2 exd4 12. Nxd4 Nc5 13. h3 Ne5 14. b3 f5 15. exf5 Nxc4 16. fxg6 Nb2 17. gxh7+ Kh8 18. Qc2 Bxd4 19. Qxb2 Nd3 20. Qc2 Nxf2 21. Ne2 Bf5 22. Nxd4 Bxc2 23. Bc3 Nd1 24. Raxd1 Qb6 25. Kh2 Bxd1 26. Nxc6+ Kxh7 27. Be4+ Kh6 28. Bd2+ Kg7 29. Bc3+ Kh6 30. Bd2+ Kg7 31. Bc3+ Kh6 32. Bd2+ 1/2-1/2

[Event "Sochi Archibald op 1st"]
[Site "Sochi"]
[Date "2019.05.18"]
[Round "8"]
[White "Solozhenkin, Evgeniy"]
[Black "Gritsayeva, Oksana"]
[Result "1/2-1/2"]
[WhiteElo "2441"]
[BlackElo "2383"]
[PlyCount "57"]
[EventDate "2019.05.12"]
[EventType "swiss"]
[EventRounds "9"]
[EventCountry "RUS"]
[SourceTitle "CBM 190 Extra"]
[Source "ChessBase"]
[SourceDate "2019.07.15"]
[SourceVersion "1"]
[SourceVersionDate "2019.07.15"]
[SourceQuality "1"]

1. e4 c5 2. Nf3 Nc6 3. d4 cxd4 4. Nxd4 Nf6 5. Nc3 e5 6. Ndb5 d6 7. Bg5 a6 8. Na3 Be6 9. Nc4 Rb8 10. Bxf6 Qxf6 11. Nd5 Bxd5 12. exd5 Na7 13. Be2 Qd8 14. a4 Be7 15. 0-0 0-0 16. Kh1 Nc8 17. a5 Bg5 18. Ra3 g6 19. Rb3 Re8 20. Rb4 Qc7 21. c3 Qc5 22. Ra4 Kg7 23. b4 Qc7 24. Ra3 Ne7 25. Nb6 Nc8 26. Nc4 Ne7 27. Nb6 Nc8 28. Nc4 Ne7 29. Nb6 1/2-1/2

[Event "Sochi Archibald op 1st"]
[Site "Sochi"]
[Date "2019.05.14"]
[Round "3"]
[White "Solozhenkina, Elizaveta"]
[Black "Solozhenkin, Evgeniy"]
[Result "1/2-1/2"]
[WhiteElo "2329"]
[BlackElo "2441"]
[PlyCount "64"]
[EventDate "2019.05.12"]
[EventType "swiss"]
[EventRounds "9"]
[EventCountry "RUS"]
[SourceTitle "CBM 190 Extra"]
[Source "ChessBase"]
[SourceDate "2019.07.15"]
[SourceVersion "1"]
[SourceVersionDate "2019.07.15"]
[SourceQuality "1"]

1. e4 c6 2. d4 d5 3. Nc3 dxe4 4. Nxe4 Bf5 5. Ng3 Bg6 6. h4 h6 7. Nf3 Nd7 8. h5 Bh7 9. Bd3 Bxd3 10. Qxd3 e6 11. Bd2 Ngf6 12. 0-0-0 Be7 13. Ne4 Nxe4 14. Qxe4 Nf6 15. Qd3 0-0 16. Kb1 Qd5 17. c4 Qe4 18. Be3 Qxd3+ 19. Rxd3 Rfd8 20. Ne5 Rac8 21. f3 Bd6 22. Rd2 b5 23. Rc2 a6 24. g4 c5 25. b3 bxc4 26. Nxc4 cxd4 27. Bxd4 Bf4 28. Bb2 Nd5 29. Bc1 Kf8 30. Ba3+ Kg8 31. Bc1 Kf8 32. Ba3+ Kg8 1/2-1/2

[Event "Sochi Archibald op 1st"]
[Site "Sochi"]
[Date "2019.05.13"]
[Round "2"]
[White "Solozhenkin, Evgeniy"]
[Black "Mikhailovsky, Vladimir"]
[Result "1/2-1/2"]
[WhiteElo "2441"]
[BlackElo "2180"]
[PlyCount "95"]
[EventDate "2019.05.12"]
[EventType "swiss"]
[EventRounds "9"]
[EventCountry "RUS"]
[SourceTitle "CBM 190 Extra"]
[Source "ChessBase"]
[SourceDate "2019.07.15"]
[SourceVersion "1"]
[SourceVersionDate "2019.07.15"]
[SourceQuality "1"]

1. Nf3 Nf6 2. g3 d5 3. Bg2 Bg4 4. c4 c6 5. 0-0 Nbd7 6. cxd5 cxd5 7. Nc3 e6 8. Qb3 Bxf3 9. Bxf3 Nc5 10. Qb5+ Qd7 11. Qxd7+ Kxd7 12. d3 Bd6 13. Be3 Rhc8 14. Rfc1 Ke7 15. b4 Ncd7 16. Nb5 Bxb4 17. Nxa7 Rxc1+ 18. Rxc1 Bc5 19. Rxc5 Rxa7 20. Rc2 Ra4 21. Rb2 Ne8 22. Bg5+ f6 23. Bd2 Kd6 24. Bb4+ Kc7 25. e3 Ne5 26. Be2 Nd6 27. a3 Ra7 28. h4 g6 29. g4 f5 30. g5 Nb5 31. Bc5 Ra5 32. d4 Nc4 33. Bxc4 dxc4 34. a4 b6 35. axb5 bxc5 36. dxc5 c3 37. Rc2 Rxb5 38. Rxc3 Rb4 39. f4 e5 40. Ra3 exf4 41. exf4 Rxf4 42. Ra7+ Kc6 43. Rxh7 Kxc5 44. Kg2 Kd5 45. Kg3 Ra4 46. Rd7+ Ke5 47. Re7+ Kd5 48. Rd7+ 1/2-1/2

[Event "Sochi Archibald op 1st"]
[Site "Sochi"]
[Date "2019.05.12"]
[Round "1"]
[White "Khudyakov, Stanislav"]
[Black "Solozhenkin, Evgeniy"]
[Result "1/2-1/2"]
[WhiteElo "2086"]
[BlackElo "2441"]
[PlyCount "124"]
[EventDate "2019.05.12"]
[EventType "swiss"]
[EventRounds "9"]
[EventCountry "RUS"]
[SourceTitle "CBM 190 Extra"]
[Source "ChessBase"]
[SourceDate "2019.07.15"]
[SourceVersion "1"]
[SourceVersionDate "2019.07.15"]
[SourceQuality "1"]

1. e4 c5 2. d4 cxd4 3. c3 dxc3 4. Nxc3 Nc6 5. Nf3 e6 6. Bc4 Qc7 7. 0-0 Nf6 8. Nb5 Qb8 9. e5 Ng4 10. Bf4 a6 11. Nd6+ Bxd6 12. exd6 0-0 13. Re1 b5 14. Bb3 Qb6 15. Qe2 Bb7 16. h3 Nf6 17. Be3 Qa5 18. Bg5 Qb4 19. Rad1 Nd5 20. Bxd5 exd5 21. Be7 Rfe8 22. a3 Qf4 23. Qd3 Nxe7 24. dxe7 Rac8 25. Nd4 g6 26. Re3 Qf6 27. Rde1 Rc4 28. Nb3 Bc6 29. Nd2 Rd4 30. Qc2 Rf4 31. R3e2 Qd6 32. Nb3 Re4 33. f3 R4xe7 34. Rxe7 Rxe7 35. Rxe7 Qxe7 36. Qd2 d4 37. Nxd4 Qc5 38. b4 Qc4 39. Qe3 d6 40. Qd2 Bd5 41. Qe3 Kg7 42. Qd2 f6 43. Qe3 Bf7 44. Qd2 Qd5 45. Kf2 h5 46. Kg1 Qe5 47. Qc3 h4 48. Qd2 Bc4 49. Qc3 f5 50. Qd2 f4 51. Kf2 Kf6 52. Nc6 Qe3+ 53. Qxe3 fxe3+ 54. Kxe3 Bd5 55. Nd4 g5 56. Ne2 Ke5 57. Nd4 Bb7 58. Ne2 Bc6 59. Nc3 Bb7 60. Ne2 Bc6 61. Nc3 Bb7 62. Ne2 Bc6 1/2-1/2

[Event "Rochefort op 18th Op A"]
[Site "Rochefort"]
[Date "2019.02.16"]
[Round "4.8"]
[White "Solozhenkin, Evgeniy"]
[Black "Shirazi, Kamran"]
[Result "1/2-1/2"]
[WhiteElo "2423"]
[BlackElo "2309"]
[PlyCount "133"]
[EventDate "2019.02.16"]
[EventType "swiss"]
[EventRounds "9"]
[EventCountry "FRA"]
[SourceTitle "CBM 189 Extra"]
[Source "ChessBase"]
[SourceDate "2019.06.03"]
[SourceVersion "1"]
[SourceVersionDate "2019.06.03"]
[SourceQuality "1"]

1. e4 c5 2. Nf3 e6 3. Nc3 a6 4. d4 b5 5. dxc5 Bxc5 6. Bd3 Bb7 7. 0-0 d6 8. a3 Nf6 9. b4 Ba7 10. a4 0-0 11. axb5 axb5 12. Bd2 Bb6 13. Rxa8 Bxa8 14. Qe2 Nc6 15. Nxb5 d5 16. Ng5 h6 17. e5 Nd7 18. Nf3 Qe7 19. c3 f6 20. exf6 Qxf6 21. Bc2 Nde5 22. Nxe5 Nxe5 23. Be3 Nc4 24. Bxb6 Nxb6 25. f4 Rc8 26. Qd3 Nc4 27. Re1 Bc6 28. Nd4 Bd7 29. Nb3 Ba4 30. Rd1 Nb2 31. Qh7+ Kf7 32. Nc5 Rxc5 33. bxc5 Qxc3 34. Bxa4 Nxa4 35. Rf1 Qxc5+ 36. Kh1 Qc4 37. Rb1 Kf6 38. Qg8 Nc3 39. Re1 Ne4 40. Qd8+ Kg6 41. Qb6 d4 42. Qb7 Qd5 43. Qb4 Kf7 44. Kg1 h5 45. Re2 h4 46. Qe1 d3 47. Rxe4 d2 48. Qd1 Qxe4 49. Qxd2 Kg6 50. Kf2 Kf5 51. g3 Kg4 52. Qd1+ Kh3 53. Qh5 Qd4+ 54. Kf1 Qd3+ 55. Kg1 Qd4+ 56. Kf1 Qc4+ 57. Kf2 Qc2+ 58. Ke3 Kxh2 59. Qxh4+ Kg2 60. Qg5 Qc3+ 61. Ke4 Qf3+ 62. Kd4 Qxg3 63. Ke5 Qxg5+ 64. fxg5 Kf3 65. Kxe6 Kg4 66. Kf7 Kxg5 67. Kxg7 1/2-1/2

[Event "Gibraltar Masters 17th"]
[Site "Caleta"]
[Date "2019.01.28"]
[Round "7"]
[White "Solozhenkin, Evgeniy"]
[Black "Santos Ruiz, Miguel"]
[Result "1-0"]
[WhiteElo "2427"]
[BlackElo "2543"]
[PlyCount "61"]
[EventDate "2019.01.22"]
[EventType "swiss"]
[EventRounds "10"]
[EventCountry "GGB"]
[SourceTitle "CBM 188 Extra"]
[Source "ChessBase"]
[SourceDate "2019.02.26"]
[SourceVersion "1"]
[SourceVersionDate "2019.02.26"]
[SourceQuality "1"]

1. e4 e5 2. Nf3 Nc6 3. Bb5 a6 4. Ba4 Nf6 5. 0-0 Nxe4 6. d4 b5 7. Bb3 d5 8. dxe5 Be6 9. Nbd2 Nc5 10. c3 Be7 11. Bc2 d4 12. Ne4 dxc3 13. Nxc5 Bxc5 14. Be4 Qd7 15. bxc3 Rd8 16. Qc2 Ne7 17. Bg5 Bd5 18. Bxd5 Qxd5 19. Rad1 Qc4 20. Rxd8+ Kxd8 21. Qf5 Qd5 22. Qg4 h6 23. Bxe7+ Kxe7 24. Qxg7 Rd8 25. Qf6+ Kd7 26. Qxa6 Bb6 27. a4 bxa4 28. Qxa4+ Kc8 29. c4 Qc5 30. Qa8+ Kd7 31. Rd1+ 1-0

[Event "Gibraltar Masters 17th"]
[Site "Caleta"]
[Date "2019.01.26"]
[Round "5"]
[White "Solozhenkin, Evgeniy"]
[Black "Muzychuk, Anna"]
[Result "1/2-1/2"]
[WhiteElo "2427"]
[BlackElo "2569"]
[PlyCount "74"]
[EventDate "2019.01.22"]
[EventType "swiss"]
[EventRounds "10"]
[EventCountry "GGB"]
[SourceTitle "CBM 188 Extra"]
[Source "ChessBase"]
[SourceDate "2019.02.26"]
[SourceVersion "1"]
[SourceVersionDate "2019.02.26"]
[SourceQuality "1"]

1. d4 Nf6 2. c4 g6 3. Nc3 d5 4. Nf3 Bg7 5. h4 c6 6. cxd5 cxd5 7. Bf4 Nc6 8. e3 0-0 9. Ne5 Nxe5 10. Bxe5 Ne4 11. Bxg7 Nxc3 12. bxc3 Kxg7 13. Qd2 h5 14. c4 dxc4 15. Bxc4 Bf5 16. d5 Rc8 17. Bb3 e6 18. Rd1 exd5 19. Qxd5 Qf6 20. 0-0 b6 21. Qd4 Rfd8 22. Qa4 a5 23. e4 Bg4 24. Rxd8 Rxd8 25. Qb5 Rd2 26. e5 Qd8 27. Qc6 Rd4 28. Re1 Rf4 29. Bd5 Qd7 30. Qxd7 Bxd7 31. e6 fxe6 32. Bxe6 Bxe6 33. Rxe6 Rxh4 34. Rxb6 Ra4 35. Rb2 h4 36. Kh2 Ra3 37. f3 g5 1/2-1/2

[Event "Gibraltar Masters 17th"]
[Site "Caleta"]
[Date "2019.01.22"]
[Round "1"]
[White "Solozhenkin, Evgeniy"]
[Black "Burke, Mitchell R"]
[Result "1-0"]
[WhiteElo "2427"]
[BlackElo "1994"]
[PlyCount "85"]
[EventDate "2019.01.22"]
[EventType "swiss"]
[EventRounds "10"]
[EventCountry "GGB"]
[SourceTitle "CBM 188 Extra"]
[Source "ChessBase"]
[SourceDate "2019.02.26"]
[SourceVersion "1"]
[SourceVersionDate "2019.02.26"]
[SourceQuality "1"]

1. d4 Nf6 2. c4 g6 3. g3 Bg7 4. Bg2 0-0 5. Nc3 d6 6. Nf3 Nbd7 7. 0-0 a6 8. e4 c5 9. h3 Qc7 10. d5 b5 11. cxb5 axb5 12. Nxb5 Qa5 13. Nc3 Ba6 14. Re1 Rfb8 15. Rb1 Ng4 16. Bd2 Nge5 17. Nxe5 Nxe5 18. b3 Nd3 19. Na4 Qc7 20. Re3 c4 21. Bf1 Bd4 22. Bxd3 cxd3 23. Rc1 Qd7 24. Rf3 Rc8 25. Kg2 Rxc1 26. Bxc1 Rc8 27. Nb2 Rc2 28. Nxd3 Bxd3 29. Qxd3 Rxc1 30. Qxd4 Qb5 31. Rd3 Qa5 32. Rd2 Qa6 33. Qd3 Qc8 34. Rb2 Rc3 35. Qe2 f5 36. exf5 Qxf5 37. Rd2 Kf7 38. Rd4 g5 39. Rd2 Rc1 40. Rd3 Kg8 41. Rf3 Qxd5 42. Qxe7 Rc3 43. Qf8# 1-0

[Event "Lorca op 7th"]
[Site "Lorca"]
[Date "2018.12.29"]
[Round "6"]
[White "Solozhenkin, Evgeniy"]
[Black "Ajay, Karthikeyan"]
[Result "1-0"]
[WhiteElo "2427"]
[BlackElo "2143"]
[PlyCount "81"]
[EventDate "2018.12.26"]
[EventType "swiss"]
[EventRounds "9"]
[EventCountry "ESP"]
[SourceTitle "CBM 188 Extra"]
[Source "ChessBase"]
[SourceDate "2019.02.26"]
[SourceVersion "1"]
[SourceVersionDate "2019.02.26"]
[SourceQuality "1"]

1. d4 Nf6 2. c4 g6 3. g3 Bg7 4. Bg2 0-0 5. Nc3 d6 6. Nf3 Nc6 7. 0-0 a6 8. Qc2 Bf5 9. e4 Bg4 10. Be3 Nd7 11. Ne2 e5 12. d5 Ne7 13. Ne1 Bxe2 14. Qxe2 f5 15. f3 c5 16. dxc6 Nxc6 17. exf5 gxf5 18. f4 e4 19. Rd1 Qf6 20. b3 Nc5 21. Qd2 Rad8 22. b4 Na4 23. b5 axb5 24. cxb5 Ne7 25. Nc2 Nb2 26. Bd4 Qf7 27. Bxg7 Qxg7 28. Rb1 Nd3 29. Rfd1 Nd5 30. Rb3 Rc8 31. Rxd3 Nc3 32. Rxd6 Nxd1 33. Qxd1 Qc3 34. Qd5+ Kh8 35. Qd4+ Qxd4+ 36. Nxd4 Rc1+ 37. Bf1 Re8 38. Kg2 e3 39. Be2 Ra1 40. Nxf5 Rxa2 41. Kf3 1-0

[Event "Cappelle op 34th"]
[Site "Cappelle la Grande"]
[Date "2018.03.05"]
[Round "4.2"]
[White "Bai, Jinshi"]
[Black "Solozhenkin, Evgeniy"]
[Result "1/2-1/2"]
[WhiteElo "2594"]
[BlackElo "2433"]
[PlyCount "65"]
[EventDate "2018.03.03"]
[EventType "swiss"]
[EventRounds "9"]
[EventCountry "FRA"]
[SourceTitle "EXT 2019"]
[Source "ChessBase"]
[SourceDate "2018.10.10"]
[SourceVersion "1"]
[SourceVersionDate "2018.10.10"]
[SourceQuality "1"]

1. d4 Nf6 2. c4 e6 3. g3 d5 4. Bg2 Bb4+ 5. Nd2 0-0 6. Ngf3 b6 7. 0-0 Bb7 8. b3 c5 9. Bb2 Qe7 10. cxd5 Bxd5 11. Nc4 cxd4 12. Qxd4 Nc6 13. Qh4 Ne4 14. Ne3 Bc3 15. Rab1 Qxh4 16. Nxh4 Nd4 17. Bf3 Bb7 18. Nc4 b5 19. Nd6 Nxd6 20. Bxc3 Bxf3 21. Bxd4 Bxe2 22. Rfe1 Bd3 23. Rbd1 Bc2 24. Bxg7 Kxg7 25. Rxd6 Rfd8 26. Ra6 Kf6 27. Nf3 Rd5 28. h4 h6 29. Nh2 Rd4 30. Nf3 Rd5 31. Nh2 Rd4 32. Nf3 Rd5 33. Kh1 1/2-1/2

[Event "Cappelle op 34th"]
[Site "Cappelle la Grande"]
[Date "2018.03.05"]
[Round "3.11"]
[White "Solozhenkin, Evgeniy"]
[Black "Delobel, Bernard"]
[Result "1-0"]
[WhiteElo "2433"]
[BlackElo "1855"]
[PlyCount "59"]
[EventDate "2018.03.03"]
[EventType "swiss"]
[EventRounds "9"]
[EventCountry "FRA"]
[SourceTitle "EXT 2019"]
[Source "ChessBase"]
[SourceDate "2018.10.10"]
[SourceVersion "1"]
[SourceVersionDate "2018.10.10"]
[SourceQuality "1"]

1. Nf3 Nf6 2. g3 d5 3. Bg2 Bf5 4. 0-0 Nc6 5. d4 e6 6. c4 Be7 7. Nc3 Ne4 8. cxd5 exd5 9. Bf4 g5 10. Be3 Nxc3 11. bxc3 g4 12. Nd2 Be6 13. Qa4 Bg5 14. c4 Bxe3 15. fxe3 Qg5 16. Rf4 0-0 17. cxd5 Bxd5 18. e4 Bxa2 19. Rxa2 b5 20. Qd1 Nxd4 21. e3 Nf3+ 22. Bxf3 gxf3 23. Nxf3 Qh5 24. Rf5 Qh6 25. Rg5+ Kh8 26. Qd4+ f6 27. Rxb5 Rad8 28. Rd5 Rb8 29. Kg2 Rb3 30. Rd8 1-0

[Event "RUS GP rap"]
[Site "Serpukhov"]
[Date "2018.02.23"]
[Round "5"]
[White "Arkhipenko, Daniil"]
[Black "Solozhenkin, Evgeniy"]
[Result "1/2-1/2"]
[WhiteElo "2143"]
[BlackElo "2433"]
[PlyCount "58"]
[EventDate "2018.02.23"]
[EventType "swiss (rapid)"]
[EventRounds "11"]
[EventCountry "RUS"]
[SourceTitle "CBM 183 Extra"]
[Source "ChessBase"]
[SourceDate "2018.04.19"]
[SourceVersion "1"]
[SourceVersionDate "2018.04.19"]
[SourceQuality "1"]

1. d4 g6 2. c4 d6 3. Nc3 Bg7 4. e4 Nf6 5. Nf3 0-0 6. h3 e5 7. d5 Nh5 8. g3 Qe8 9. Be2 f5 10. exf5 gxf5 11. Ng5 Nf6 12. g4 Na6 13. gxf5 Bxf5 14. Bg4 Qg6 15. Bxf5 Qxf5 16. Qe2 Nb4 17. Nge4 Nxe4 18. Nxe4 c6 19. dxc6 Nxc6 20. Ng3 Qg6 21. Be3 Nd4 22. Bxd4 exd4 23. 0-0 Rae8 24. Qg4 d3 25. Qxg6 hxg6 26. Rad1 Bxb2 27. Rxd3 Be5 28. Ne4 Rc8 29. Rfd1 Rxc4 1/2-1/2

[Event "RUS GP rap"]
[Site "Serpukhov"]
[Date "2018.02.23"]
[Round "6"]
[White "Solozhenkin, Evgeniy"]
[Black "Kabanova, Ekaterina"]
[Result "1-0"]
[WhiteElo "2433"]
[BlackElo "2202"]
[PlyCount "113"]
[EventDate "2018.02.23"]
[EventType "swiss (rapid)"]
[EventRounds "11"]
[EventCountry "RUS"]
[SourceTitle "CBM 183 Extra"]
[Source "ChessBase"]
[SourceDate "2018.04.19"]
[SourceVersion "1"]
[SourceVersionDate "2018.04.19"]
[SourceQuality "1"]

1. e4 c5 2. Nf3 e6 3. Nc3 a6 4. d4 cxd4 5. Nxd4 Qc7 6. Bd3 Nf6 7. 0-0 b5 8. Qe2 d6 9. a4 bxa4 10. Nxa4 Nbd7 11. Nb3 Be7 12. Bd2 0-0 13. f4 Bb7 14. Na5 Bc8 15. Kh1 Rb8 16. b4 e5 17. c3 exf4 18. Bxf4 Ne5 19. Bxe5 dxe5 20. Nb3 h5 21. Nac5 Ra8 22. Bxa6 Bxa6 23. Rxa6 Rxa6 24. Qxa6 Ng4 25. h3 Nf6 26. Rd1 Bxc5 27. Nxc5 Rd8 28. Rxd8+ Qxd8 29. Qe2 h4 30. Kh2 g6 31. Nd3 Nh5 32. Qf3 Qc7 33. Nc5 Qe7 34. Nd3 Qc7 35. Nf2 Kg7 36. Ng4 Qa7 37. Ne3 Qa1 38. Nf5+ gxf5 39. Qxh5 Qxc3 40. Qg5+ Kf8 41. exf5 Qxb4 42. f6 Qc4 43. Qxe5 Kg8 44. Kg1 Qc1+ 45. Kf2 Qd2+ 46. Kf3 Qd1+ 47. Qe2 Qb3+ 48. Qe3 Qd1+ 49. Kf4 Qd6+ 50. Kg5 Qd5+ 51. Kh6 Qe6 52. Qxe6 fxe6 53. Kg5 Kf7 54. Kxh4 Kxf6 55. Kg4 Ke5 56. h4 Kf6 57. Kf4 1-0